Normal view
MARC view
Entry Personal Name
001 - CONTROL NUMBER
- control field: 8832
003 - CONTROL NUMBER IDENTIFIER
- control field: OSt
005 - DATE AND TIME OF LATEST TRANSACTION
- control field: 20160516191944.0
008 - FIXED-LENGTH DATA ELEMENTS
- fixed length control field: 160516|| aca||aabn | a|a d
040 ## - CATALOGING SOURCE
- Original cataloging agency: OSt
- Transcribing agency: OSt
100 ## - HEADING--PERSONAL NAME
- Personal name: Alberts,Bruce;[et......al]
670 ## - SOURCE DATA FOUND
- Source citation: Work cat.: (OSt): Alberts,Bruce;[et......al], Essential Cell Biology., 2004.
